| 000 | 00789nam a2200241Ia 4500 | ||
|---|---|---|---|
| 003 | OSt | ||
| 005 | 20220923223536.0 | ||
| 006 | a|||||r|||| 00| 0 | ||
| 007 | ta | ||
| 008 | Pun | ||
| 024 | _a218,744 | ||
| 037 | _cTextual | ||
| 040 |
_aARTS _cARTS _bPun |
||
| 041 |
_2Pun _aPun |
||
| 082 | _aM16, 153M9 | ||
| 110 |
_aਪੰਜਾਬੀ ਯੁਨੀਵਰਸਿਟੀ _9167492 |
||
| 245 | 0 | _aਟੀਕਾਕਾਰੀ, ਇਤਿਹਾਸਕਾਰੀ ਤੇ ਪੱਤਰਕਾਰੀ ਕੁਝ ਦ੍ਰਿਟਿੀਕੋਣ | |
| 260 |
_aਪਟਿਆਲਾ _b ਪੰਜਾਬੀ ਯੂਨੀਵਰਸਿਟੀ _c1989 |
||
| 300 |
_a312ਪੰ _ccm. |
||
| 700 | _aਪੰਜਾਬੀ ਯੁਨੀਵਰਸਿਟੀ | ||
| 942 |
_hM16, 153M9 _cTEXL _2CC |
||
| 999 |
_c366091 _d366091 |
||